| 000 | 00436nam a22001697a 4500 | ||
|---|---|---|---|
| 999 |
_c11097 _d11097 |
||
| 003 | OSt | ||
| 008 | 220215b ||||| |||| 00| 0 eng d | ||
| 020 | _a9788190611631 | ||
| 082 | _a005.1 GIS | ||
| 100 | _aGILL,Nasib Singh | ||
| 245 | _aSoftware Engineering: Software Reliability, Testing and Quality Assurance | ||
| 250 | _aReprint | ||
| 260 |
_aNew Delhi _bKhanna _c2020 |
||
| 300 | _a622 | ||
| 650 | _aBCA | ||
| 942 |
_2ddc _cBK _010 |
||